[Event "FRA-chT Top 12 2019"]
[Site "Brest"]
[Date "2019.05.23"]
[Round "6.5"]
[White "Istratescu, Andrei"]
[Black "Apicella, Manuel"]
[Result "0-1"]
[WhiteElo "2555"]
[BlackElo "2502"]
[Annotator "RC"]
[PlyCount "78"]
[EventDate "2019.05.18"]
[EventType "team-tourn"]
[EventCountry "FRA"]
[SourceTitle "playchess.com"]
[Source "ChessBase"]
[SourceQuality "1"]
[TimeControl "40/5400+30:1800+30"]

1. e4 {[%emt 0:00:00]} e6 {[%emt 0:00:00]} 2. d4 {[%emt 0:00:00]} d5 {[%emt 0:00:00]} 3. Nd2 {[%emt 0:00:00]} Nf6 {[%emt 0:00:01]} 4. e5 {[%emt 0:00:23]} Nfd7 {[%emt 0:00:07]} 5. c3 {[%emt 0:00:34]} c5 {[%emt 0:00:17]} 6. Bd3 {[%emt 0:00:19]} Nc6 {[%emt 0:00:18]} 7. Ne2 {[%emt 0:00:16]} cxd4 {[%emt 0:00:16]} 8. cxd4 {[%emt 0:00:09]} f6 {[%emt 0:00:09]} 9. exf6 {[%emt 0:00:26]} Nxf6 {[%emt 0:00:07]} 10. O-O {[%emt 0:00:17]} Bd6 {[%emt 0:00:17]} 11. Nf3 {[%emt 0:00:10]} O-O {[%emt 0:00:20]} 12. Bf4 {[%emt 0:03:15]} Bxf4 {[%emt 0:00:19]} 13. Nxf4 {[%emt 0:00:16]} Ne4 {[%emt 0:00:13]} 14. Qc1 {[%emt 0:00:28]} Ng5 {[%emt 0:00:30]} 15. Nxg5 {[%emt 0:04:29]} Qxg5 {[%emt 0:00:07]} 16. Ne2 {[%emt 0:05:49]} Qf6 {[%emt 0:00:36]} 17. Qd2 {[%emt 0:01:41]} Bd7 {[%emt 0:00:23]} 18. Bb5 {[%emt 0:04:27]} Nb8 {[%emt 0:03:58]} 19. a4 {[%emt 0:02:47]} Bc6 {[%emt 0:09:58]} 20. Bd3 {[%emt 0:08:18]} Be8 {[%emt 0:07:21]} 21. Ra3 {[%emt 0:04:20]} Nc6 {[%emt 0:06:33]} 22. Bb5 {[%emt 0:07:37]} Ne7 {[%emt 0:02:04]} 23. Ng3 {[%emt 0:11:06]} a6 {[%emt 0:04:21]} 24. Bxe8 {[%emt 0:07:31]} Raxe8 {[%emt 0:01:08]} 25. Qb4 {[%emt 0:00:47]} Nc6 {[%emt 0:02:26]} 26. Qxb7 {[%emt 0:00:59]} Nxd4 {[%emt 0:00:27]} 27. Qxa6 {[%emt 0:00:27]} Rb8 {[%emt 0:02:35]} 28. Ne2 {[%emt 0:07:19]} Nb3 {[%emt 0:04:59]} 29. f4 {[%emt 0:12:30]} Qxb2 {[%emt 0:01:49]} 30. Qxe6+ {[%emt 0:02:16]} Kh8 {[%emt 0:00:13]} 31. Rxb3 {[%emt 0:00:43]} Qxb3 {[%emt 0:01:01]} 32. Ng3 {[%emt 0:02:21]} Qd3 {[%emt 0:06:25]} 33. f5 {[%emt 0:02:07]} Rb1 {[%emt 0:03:31]} 34. Rxb1 {[%emt 0:01:32]} Qxb1+ {[%emt 0:00:07]} 35. Kf2 {[%emt 0:00:01]} Qc2+ {[%emt 0:01:23]} 36. Kf3 {[%emt 0:00:56]} Qd1+ {[%emt 0:03:52]} 37. Kf2 {[%emt 0:00:56]} Qd4+ {[%emt 0:00:39]} 38. Qe3 {[%emt 0:07:19]} Qxa4 {[%emt 0:00:55]} 39. Qe5 {[%emt 0:00:03]} Re8 {[%emt 0:06:04]} 0-1

[Event "FRA-chT Top 12 2019"]
[Site "Brest"]
[Date "2019.05.23"]
[Round "6.5"]
[White "Nezar, Mustapha"]
[Black "Balogh, Csaba"]
[Result "1/2-1/2"]
[WhiteElo "2339"]
[BlackElo "2598"]
[Annotator "RC"]
[PlyCount "31"]
[EventDate "2019.05.18"]
[EventType "team-tourn"]
[EventCountry "FRA"]
[SourceTitle "playchess.com"]
[Source "ChessBase"]
[SourceQuality "1"]
[TimeControl "40/5400+30:1800+30"]

1. d4 {[%emt 0:00:00]} Nf6 {[%emt 0:00:00]} 2. c4 {[%emt 0:00:00]} e6 {[%emt 0:00:16]} 3. Nc3 {[%emt 0:01:22]} Bb4 {[%emt 0:00:19]} 4. Qc2 {[%emt 0:00:22]} b6 {[%emt 0:00:40]} 5. e4 {[%emt 0:02:38]} c5 {[%emt 0:00:32]} 6. d5 {[%emt 0:02:43]} Qe7 {[%emt 0:00:35]} 7. Nge2 {[%emt 0:04:45]} exd5 {[%emt 0:04:23]} 8. exd5 {[%emt 0:02:44]} O-O {[%emt 0:01:52]} 9. Bd2 {[%emt 0:14:40]} d6 {[%emt 0:05:05]} 10. h3 {[%emt 0:14:03]} Bxc3 {[%emt 0:18:01]} 11. Qxc3 {[%emt 0:04:40]} Ne4 {[%emt 0:04:29]} 12. Qe3 {[%emt 0:02:00]} Re8 {[%emt 0:00:21]} 13. O-O-O {[%emt 0:02:09]} Bf5 {[%emt 0:01:26]} 14. f3 {[%emt 0:07:57]} Nxd2 {[%emt 0:01:41]} 15. Qxe7 {[%emt 0:01:10]} Rxe7 {[%emt 0:24:31]} 16. Kxd2 {[%emt 0:02:16]} 1/2-1/2

[Event "FRA-chT Top 12 2019"]
[Site "Brest"]
[Date "2019.05.23"]
[Round "6.5"]
[White "Charmeteau, Sven"]
[Black "Lamard, Guillaume"]
[Result "1-0"]
[WhiteElo "2292"]
[BlackElo "2405"]
[Annotator "RC"]
[PlyCount "45"]
[EventDate "2019.05.18"]
[EventType "team-tourn"]
[EventCountry "FRA"]
[SourceTitle "playchess.com"]
[Source "ChessBase"]
[SourceQuality "1"]
[TimeControl "40/5400+30:1800+30"]

1. e4 {[%emt 0:00:00]} c5 {[%emt 0:00:24]} 2. Nf3 {[%emt 0:00:00]} d6 {[%emt 0:00:08]} 3. d4 {[%emt 0:00:00]} cxd4 {[%emt 0:00:04]} 4. Nxd4 {[%emt 0:00:00]} Nf6 {[%emt 0:00:05]} 5. Nc3 {[%emt 0:00:01]} Nc6 {[%emt 0:00:04]} 6. Bg5 {[%emt 0:00:45]} e6 {[%emt 0:02:02]} 7. Qd2 {[%emt 0:00:51]} a6 {[%emt 0:00:07]} 8. O-O-O {[%emt 0:01:41]} Bd7 {[%emt 0:00:20]} 9. f4 {[%emt 0:04:10]} b5 {[%emt 0:01:19]} 10. a3 {[%emt 0:17:41]} Qb6 {[%emt 0:10:13]} 11. e5 {[%emt 0:10:59]} dxe5 {[%emt 0:16:44]} 12. Ndxb5 {[%emt 0:01:07]} axb5 {[%emt 0:06:23]} 13. Bxf6 {[%emt 0:00:13]} Ra7 {[%emt 0:06:30]} 14. Ne4 {[%emt 0:10:01]} exf4 {[%emt 0:24:48]} 15. Bxb5 {[%emt 0:04:30]} gxf6 {[%emt 0:09:56]} 16. Nxf6+ {[%emt 0:00:45]} Ke7 {[%emt 0:01:39]} 17. Nxd7 {[%emt 0:00:18]} Qxb5 {[%emt 0:00:24]} 18. Qd6+ {[%emt 0:00:18]} Kd8 {[%emt 0:00:10]} 19. Nxf8+ {[%emt 0:00:18]} Kc8 {[%emt 0:00:22]} 20. Rd3 {[%emt 0:07:17]} Rc7 {[%emt 0:02:28]} 21. Nxe6 {[%emt 0:00:37]} Rb7 {[%emt 0:05:52]} 22. Rb3 {[%emt 0:02:14]} Qc4 {[%emt 0:00:30]} 23. Rc3 {[%emt 0:10:38]} 1-0

[Event "FRA-chT Top 12 2019"]
[Site "Brest"]
[Date "2019.05.23"]
[Round "6.5"]
[White "Dornbusch, Tatiana"]
[Black "Degraeve, Jean-Marc"]
[Result "0-1"]
[WhiteElo "2285"]
[BlackElo "2546"]
[Annotator "RC"]
[PlyCount "90"]
[EventDate "2019.05.18"]
[EventType "team-tourn"]
[EventCountry "FRA"]
[SourceTitle "playchess.com"]
[Source "ChessBase"]
[SourceQuality "1"]
[TimeControl "40/5400+30:1800+30"]

1. d4 {[%emt 0:03:49]} Nf6 {[%emt 0:00:00]} 2. Nf3 {[%emt 0:00:16]} g6 {[%emt 0:00:00]} 3. g3 {[%emt 0:00:17]} Bg7 {[%emt 0:00:00]} 4. Bg2 {[%emt 0:00:14]} O-O {[%emt 0:00:00]} 5. O-O {[%emt 0:00:36]} d6 {[%emt 0:00:35]} 6. c4 {[%emt 0:00:46]} Nc6 {[%emt 0:00:25]} 7. Nc3 {[%emt 0:02:53]} e5 {[%emt 0:00:40]} 8. dxe5 {[%emt 0:06:17]} dxe5 {[%emt 0:00:07]} 9. Qxd8 {[%emt 0:00:10]} Rxd8 {[%emt 0:00:37]} 10. Bg5 {[%emt 0:00:14]} Be6 {[%emt 0:01:08]} 11. b3 {[%emt 0:04:07]} h6 {[%emt 0:08:21]} 12. Bxf6 {[%emt 0:05:59]} Bxf6 {[%emt 0:00:13]} 13. Rad1 {[%emt 0:00:07]} Bg7 {[%emt 0:07:59]} 14. Nd2 {[%emt 0:12:02]} Bf8 {[%emt 0:04:49]} 15. Bd5 {[%emt 0:21:09]} Bd7 {[%emt 0:03:05]} 16. Nf3 {[%emt 0:07:29]} Bh3 {[%emt 0:02:52]} 17. Rfe1 {[%emt 0:02:45]} Bb4 {[%emt 0:07:09]} 18. Rc1 {[%emt 0:00:37]} Re8 {[%emt 0:09:28]} 19. Red1 {[%emt 0:09:03]} Kg7 {[%emt 0:06:28]} 20. Nb5 {[%emt 0:02:27]} Rec8 {[%emt 0:01:48]} 21. c5 {[%emt 0:13:02]} a6 {[%emt 0:00:06]} 22. a3 {[%emt 0:00:12]} axb5 {[%emt 0:01:14]} 23. axb4 {[%emt 0:00:03]} Ra2 {[%emt 0:00:22]} 24. Bxc6 {[%emt 0:03:50]} bxc6 {[%emt 0:00:05]} 25. Nxe5 {[%emt 0:02:07]} Re8 {[%emt 0:05:16]} 26. Nd3 {[%emt 0:00:11]} Be6 {[%emt 0:02:50]} 27. Ra1 {[%emt 0:01:43]} Rxe2 {[%emt 0:02:44]} 28. Nf4 {[%emt 0:00:03]} Re4 {[%emt 0:02:09]} 29. Nxe6+ {[%emt 0:00:34]} R8xe6 {[%emt 0:00:02]} 30. Rd7 {[%emt 0:00:42]} Rxb4 {[%emt 0:00:42]} 31. Rxc7 {[%emt 0:00:42]} Rxb3 {[%emt 0:00:07]} 32. Ra6 {[%emt 0:00:09]} Re2 {[%emt 0:02:14]} 33. Rcxc6 {[%emt 0:01:07]} Rf3 {[%emt 0:00:06]} 34. Rab6 {[%emt 0:00:33]} Rfxf2 {[%emt 0:00:09]} 35. Rxb5 {[%emt 0:00:24]} Rg2+ {[%emt 0:00:16]} 36. Kf1 {[%emt 0:00:14]} Ref2+ {[%emt 0:00:08]} 37. Ke1 {[%emt 0:00:08]} Rc2 {[%emt 0:00:15]} 38. Kf1 {[%emt 0:00:57]} Rxh2 {[%emt 0:00:08]} 39. Kg1 {[%emt 0:00:29]} Rhg2+ {[%emt 0:00:31]} 40. Kf1 {[%emt 0:00:37]} Rxg3 {[%emt 0:00:06]} 41. Rc7 {[%emt 0:04:42]} Ra3 {[%emt 0:02:33]} 42. Re7 {[%emt 0:02:23]} Rf3+ {[%emt 0:00:12]} 43. Ke1 {[%emt 0:00:52]} Rf5 {[%emt 0:00:12]} 44. Rc7 {[%emt 0:00:15]} Rh5 {[%emt 0:00:16]} 45. Kd1 {[%emt 0:00:34]} Ra2 {[%emt 0:00:05]} 0-1

[Event "FRA-chT Top 12 2019"]
[Site "Brest"]
[Date "2019.05.23"]
[Round "6.6"]
[White "Vaisser, Anatoli"]
[Black "Leconte, Maria"]
[Result "1-0"]
[WhiteElo "2494"]
[BlackElo "2246"]
[Annotator "TA"]
[PlyCount "113"]
[EventDate "2019.05.18"]
[EventType "team-tourn"]
[EventCountry "FRA"]
[SourceTitle "playchess.com"]
[Source "ChessBase"]
[SourceQuality "1"]

{[%evp 13,113,62,57,46,50,47,48,25,41,39,75,68,70,68,80,66,74,78,76,70,70,65,83,75,81,70,83,66,75,64,69,63,83,58,378,379,397,395,388,430,416,412,411,424,413,366,381,383,484,473,506,328,328,318,316,312,323,329,305,307,302,242,249,249,249,249,249,249,255,185,251,255,240,232,273,293,292,275,262,193,642,629,593,608,939,675,671,658,1343,1375,1221,1233,2129,1929,1989,1948,29971,29975,5730,5531,29978,29979]} 1. d4 Nf6 2. c4 e6 3. Nc3 Bb4 4. e3 c6 5. Bd3 d6 6. Nge2 e5 7. O-O O-O 8. Ng3 {E47: Nimzo-Indian: Rubinstein: 5 Bd3 without ...d5} Re8 9. Qc2 (9. Bc2 Nbd7 10. h3 Nf8 11. Bd2 Be6 12. Bd3 Ng6 13. Qc2 exd4 14. exd4 d5 15. c5 Qd7 {0-1 (52) Miljkovic,M (2504)-Savic,M (2628) Belgrade 2016}) 9... Nbd7 10. a3 {White is slightly better.} Ba5 11. b4 Bc7 12. d5 Nf8 $146 ({Predecessor:} 12... cxd5 13. cxd5 Nf8 14. Bd2 Bd7 15. Rac1 Rc8 {1-0 (37) Wukits,R (2292)-Vukovic,I (2170) Zalakaros 2013}) 13. Rd1 Bg4 14. f3 Bd7 15. Nge4 Nxe4 16. Bxe4 ({Much weaker is} 16. Nxe4 $6 cxd5 17. cxd5 Rc8 $11) 16... Qh4 17. dxc6 Bxc6 18. Nd5 Rac8 19. Bd2 $36 {[%mdl 2048] White has good play.} Bd8 20. Be1 Qh6 21. Qd3 Ne6 22. Bf2 Ba4 23. Rdc1 b5 $2 {[%mdl 8192]} (23... Bg5 $14) 24. cxb5 $18 Rxc1+ 25. Rxc1 Nd4 26. Nc3 Bb3 27. Bd5 Bxd5 28. Nxd5 Qg5 {If only Black now had time for ...Nxf3+....} 29. Kf1 Nf5 30. Qe4 h5 31. Rc8 Rf8 32. Rxd8 Rxd8 {[#]} 33. Qxf5 $1 {[%mdl 576] Remove Defender, Deflection, Decoy} Qxf5 34. Ne7+ {[%mdl 64] Double Attack} Kf8 35. Nxf5 g6 36. Ng3 d5 37. Ke1 Rb8 38. Ne2 Rxb5 39. Nc3 Rb6 40. Kd2 ({Don't play} 40. Nxd5 Ra6) 40... Rd6 41. Kc2 Ke7 (41... f6 $142 42. b5 Rd8) 42. e4 {Strongly threatening Bc5.} d4 {White should prevent ...Rc6.} 43. Nd5+ Kd7 44. b5 g5 45. Bg3 f6 46. h4 g4 $2 (46... gxh4 47. Bxh4 f5 48. Nf6+ Ke6 49. exf5+ (49. Nxh5 fxe4 50. fxe4 Rd7 $16) 49... Kxf5 50. Nxh5 Rd5 51. g4+ Ke6 52. Ng7+ Kf7) 47. f4 Re6 48. Kd3 a6 49. a4 axb5 50. axb5 Kc8 51. f5 Rd6 52. Be1 Kb7 53. Bb4 Rd8 54. Nxf6 Kb6 55. Nd5+ Kxb5 56. f6 Rd7 57. Be7 {Accuracy: White = 71%, Black = 48%.} 1-0

[Event "FRA-chT Top 12 2019"]
[Site "Brest"]
[Date "2019.05.23"]
[Round "6.6"]
[White "Delorme, Axel"]
[Black "Lagarde, Maxime"]
[Result "1/2-1/2"]
[WhiteElo "2489"]
[BlackElo "2600"]
[Annotator "TA"]
[PlyCount "82"]
[EventDate "2019.05.18"]
[EventType "team-tourn"]
[EventCountry "FRA"]
[SourceTitle "playchess.com"]
[Source "ChessBase"]
[SourceQuality "1"]

{[%evp 12,82,17,17,17,19,24,6,5,5,5,9,8,9,0,0,10,8,10,10,10,4,16,0,1,0,0,0,0,0,0,0,0,0,0,0,0,0,9,11,17,0,10,10,18,0,0,0,8,0,0,0,0,0,0,0,11,11,11,11,19,20,22,22,19,8,16,0,0,0,8,8,8]} 1. e4 c5 2. Nf3 d6 3. Bb5+ Bd7 4. Bxd7+ Qxd7 5. c4 e5 6. Nc3 Nc6 7. d3 Be7 {B52: Sicilian: Moscow Variation with 3...Bd7} (7... g6 8. h4 h6 9. h5 g5 10. Nd2 Bg7 11. g4 Nf6 12. f3 O-O 13. Nf1 Nd4 14. Be3 Ne8 15. Ng3 Nc7 16. Bxd4 exd4 {½-½ (56) Vachier Lagrave,M (2789)-Grischuk,A (2766) Paris 2018}) 8. O-O Bd8 9. Ne1 Nge7 {The position is equal.} 10. f4 exf4 11. Bxf4 O-O 12. Nc2 f5 13. Ne3 $146 ({Predecessor:} 13. Qh5 Ba5 14. Nd5 Nxd5 15. cxd5 {½-½ (31) Sharashenidze,A (2363)-Plischki,S (2373) Prague 2017}) 13... Ba5 14. exf5 Bxc3 15. bxc3 {Black should prevent g4.} Nxf5 16. Qg4 Rf7 17. Nxf5 Rxf5 18. Rf3 Rf7 19. Qh5 Qf5 20. Qxf5 Rxf5 21. Raf1 Rd8 22. g4 Rf7 23. Bg3 Rxf3 24. Rxf3 $11 {[%mdl 4096] Endgame KRB-KRN} d5 25. cxd5 Rxd5 26. Kf1 h5 27. gxh5 Rxh5 28. Re3 Kf7 29. Re4 b5 {[%cal Bb7b5,Bb5b4][%mdl 32]} 30. Ke2 a5 31. a4 b4 32. Kd2 Ne7 33. Rc4 Rf5 34. d4 bxc3+ 35. Kxc3 Rf3+ 36. Kb2 cxd4 37. Rxd4 g5 38. Be1 Rf5 39. h4 Nc6 40. Re4 gxh4 41. Bxh4 Re5 {Accuracy: White = 66%, Black = 68%.} 1/2-1/2

[Event "FRA-chT Top 12 2019"]
[Site "Brest"]
[Date "2019.05.23"]
[Round "6.6"]
[White "Loiseau, Quentin"]
[Black "Burri, Quentin"]
[Result "1/2-1/2"]
[WhiteElo "2471"]
[BlackElo "2425"]
[Annotator "TA"]
[PlyCount "89"]
[EventDate "2019.05.18"]
[EventType "team-tourn"]
[EventCountry "FRA"]
[SourceTitle "playchess.com"]
[Source "ChessBase"]
[SourceQuality "1"]

{[%evp 16,89,47,38,36,26,43,40,46,45,27,20,27,7,14,13,25,24,30,10,5,-11,-10,-11,-2,-16,0,0,0,0,0,0,26,26,32,27,22,14,28,0,26,29,29,33,33,0,0,0,0,0,3,0,20,4,4,4,4,4,100,100,100,100,100,100,100,100,100,100,100,100,100,100,100,100,100,100]} 1. e4 c5 2. Nf3 d6 3. d4 cxd4 4. Nxd4 Nf6 5. Nc3 e6 6. g4 h6 7. h4 Nc6 8. Rg1 d5 9. exd5 Nxd5 {B81: Sicilian Scheveningen: Keres Attack} 10. Nxd5 exd5 11. Be3 Qxh4 {White is slightly better.} 12. Qe2 (12. Qf3 Nxd4 13. Bxd4 Qe7+ 14. Be2 Qe4 15. Qc3 Be6 16. f3 Qf4 17. Bb5+ {0-1 (59) Nepomniachtchi,I (2763)-Duda,J (2738) St Petersburg 2018}) 12... Nxd4 13. Bxd4+ Qe7 14. Qxe7+ Kxe7 15. O-O-O Be6 16. f4 f6 17. f5 $146 {[#] Re1 is the strong threat.} ({Predecessor:} 17. Bf2) 17... Bf7 18. Be2 Kd7 19. Bf3 Bd6 20. Bf2 Rhd8 (20... Rad8 {with more complications.} 21. Kb1 Kc6 22. Rd3 b6 23. Rgd1 Be5) 21. Bxd5 Bxd5 22. Rxd5 Kc6 23. Rd4 b6 24. Rgd1 Bc7 25. Rxd8 Bxd8 $14 {[%mdl 4096] Endgame KRB-KRB} 26. c4 Bc7 27. Kc2 (27. b4 $5 {[%cal Rb4b5]}) 27... Rg8 28. b4 {[%cal Bb2b4,Bb4b5][%mdl 32]} g6 29. b5+ Kb7 30. Bd4 gxf5 31. gxf5 Rg4 32. Kd3 Rf4 33. Rh1 Rf3+ 34. Ke4 Rf4+ 35. Ke3 Rxf5 36. Rxh6 Bf4+ (36... Be5 $11) 37. Ke4 $16 {White is better.} Bxh6 38. Kxf5 {KB-KB} a6 39. a4 {[%cal Ba2a4,Ba4b5][%mdl 32]} axb5 40. axb5 Bf8 41. Kxf6 Bb4 42. Ke6 Bf8 43. Bf6 Bc5 44. Be7 {[#] Intending Bxc5 and mate.} Bf2 45. Kd5 {Accuracy: White = 71%, Black = 61%.} 1/2-1/2

[Event "FRA-chT Top 12 2019"]
[Site "Brest"]
[Date "2019.05.23"]
[Round "6.6"]
[White "Vitoux, Colomban"]
[Black "Iglesias, Joachim"]
[Result "1/2-1/2"]
[WhiteElo "2384"]
[BlackElo "2276"]
[Annotator "TA"]
[PlyCount "79"]
[EventDate "2019.05.18"]
[EventType "team-tourn"]
[EventCountry "FRA"]
[SourceTitle "playchess.com"]
[Source "ChessBase"]
[SourceQuality "1"]

{[%evp 9,79,4,-4,-3,-6,0,30,20,22,32,42,44,103,79,97,71,116,29,81,28,31,37,40,6,13,0,11,4,10,0,0,0,14,15,15,14,23,12,18,7,11,0,0,-35,-12,-12,0,-19,0,-26,0,-61,-28,-27,-38,-174,-162,-131,-154,-133,-123,-174,-174,-268,-268,-258,-244,-225,0,-213,0,-191]} 1. e4 g6 2. d4 Bg7 3. Nc3 c6 4. g3 d5 5. Nge2 (5. e5 f6 6. f4 Nh6 7. Bg2 Qb6 8. h3 O-O 9. Nf3 Nf5 10. Ne2 c5 11. g4 Nxd4 12. Nfxd4 cxd4 13. Qxd4 Qxd4 14. Nxd4 {½-½ (47) Saptarshi,R (2449)-Bachmann,A (2652) Barcelona 2014}) 5... dxe4 6. Nxe4 {B06: Modern Defence} Nf6 7. Nxf6+ $146 ({Predecessor:} 7. Bg2 Nxe4 8. Bxe4 Bg4 9. O-O O-O 10. c3 e5 11. f3 Be6 12. dxe5 Bxe5 13. Qxd8 Rxd8 {0-1 (40) Blandon Villa,D (2047)-Betancur Gilraldo,D (2225) Medellin 2010}) 7... exf6 (7... Bxf6 {feels hotter.} 8. Bg2 O-O 9. Bh6 Re8 10. c3 Qb6) 8. Bg2 {White has an edge.} O-O 9. O-O Be6 10. Nf4 f5 (10... Bf5 $14) 11. c3 Re8 12. Re1 Na6 13. h4 ({White should try} 13. Nxe6 $16 fxe6 14. Qb3) 13... Qd7 (13... Nc7 $11) 14. Bd2 (14. Nxe6 $16 Rxe6 15. Rxe6 Qxe6 16. Bf4) 14... Nc7 $11 15. Qa4 a5 16. Nd3 b5 17. Qc2 {[#] Threatens to win with Nc5.} Bd5 18. Nc5 Qd8 19. Rxe8+ Nxe8 20. Bg5 f6 21. Bf4 Bxg2 22. Kxg2 {Black must now prevent Qb3+.} Qd5+ 23. f3 Bf8 24. Qb3 Qxb3 25. Nxb3 a4 26. Nd2 Bd6 27. Bxd6 $1 Nxd6 {[%mdl 4096] Endgame KRN-KRN} 28. Re1 Kf7 29. Re2 Nc4 30. Nb1 (30. Nf1 $11) 30... h5 31. Kf2 g5 32. Ke1 (32. Na3 $15) 32... f4 $19 33. gxf4 gxh4 34. Kf1 Kg6 35. Rh2 (35. Nd2 $17 {was necessary.}) 35... Re8 36. b3 (36. Nd2 $142) 36... Ne3+ 37. Kf2 Nd1+ 38. Kf1 Ne3+ 39. Kf2 $1 Nd1+ 40. Kf1 $1 {Accuracy: White = 47%, Black = 39%.} 1/2-1/2

[Event "FRA-chT Top 12 2019"]
[Site "Brest"]
[Date "2019.05.23"]
[Round "6.6"]
[White "Bressac, Stephane"]
[Black "Payen, Arnaud"]
[Result "1/2-1/2"]
[WhiteElo "2358"]
[BlackElo "2358"]
[Annotator "TA"]
[PlyCount "251"]
[EventDate "2019.05.18"]
[EventType "team-tourn"]
[EventCountry "FRA"]
[SourceTitle "playchess.com"]
[Source "ChessBase"]
[SourceQuality "1"]

{[%evp 11,251,37,35,37,49,38,41,45,48,34,65,56,60,65,51,45,107,100,106,87,137,131,129,125,125,125,127,128,134,98,108,59,60,20,27,5,20,20,20,16,40,24,37,31,38,0,0,7,20,0,0,0,0,-5,-5,-5,-5,-12,-5,-5,-5,-6,-1,-1,-1,-1,-1,-22,-1,-13,-13,-13,-6,-21,-2,-5,0,-1,0,-3,-1,-1,0,-6,0,0,0,0,0,0,0,0,0,-6,-6,-21,-21,-31,-31,-31,-31,-31,-31,-38,-31,-427,-405,-390,-373,-460,-447,-487,0,0,0,-446,-102,-102,-102,-102,-101,-101,-8,-473,-467,-387,-53,-75,-58,-25,0,-762,-721,-933,-790,-650,-8,-8,-8,-34,-35,-234,-234,-227,0,-95,0,0,0,0,0,0,8,8,8,8,8,8,8,8,8,8,8,8,8,0,0,0,0,0,8,8,8,8,8,8,8,8,8,8,8,8,8,8,8,8,8,8,8,8,8,8,8,8,8,8,8,8,8,8,8,8,8,8,8,8,8,8,8,8,8,8,8,8,8,8,8,8,8,8,8,8,8,8,8,8,8,8,8,7,7,0,8,8,8,8,8,8,8,0,8,0]} 1. e4 Nf6 2. e5 Nd5 3. d4 d6 4. c4 Nb6 5. exd6 exd6 6. Nc3 Nc6 7. d5 {B03: Alekhine's Defence: Four Pawns Attack} Ne5 (7... Qe7+ 8. Be2 Ne5 9. Be3 Bd7 10. b3 g6 11. Nf3 Bg7 12. Nxe5 Bxe5 13. Qd2 O-O 14. O-O Rfe8 {½-½ (56) Akopian,V (2675)-Maghsoodloo,P (2576) Sharjah 2017}) 8. f4 Ng4 9. Bd3 {White is slightly better.} Qe7+ 10. Qe2 Bd7 $146 ({Predecessor:} 10... g6 11. a4 Nd7 12. h3 Nc5 13. Bc2 Nf6 14. b4 Na6 {1-0 (53) Steinkellner,P (2356)-Verhoef,H (2443) ICCF email 2016}) 11. h3 Qxe2+ 12. Ngxe2 Nf6 13. a4 Be7 (13... g6 $14) 14. a5 $16 Nc8 15. a6 bxa6 16. Rxa6 Rb8 17. Nd4 O-O 18. Kd1 Rb6 19. Ra2 c5 20. Nf3 Ne8 {[%cal Bf6e8,Be8c7,Bc7a6,Ba6b4][%mdl 32]} 21. Kc2 Nc7 22. Bd2 Na6 {Hoping for ...Nb4+.} 23. Na4 Nb4+ 24. Bxb4 $1 Rxb4 25. Nc3 Bf6 26. b3 Re8 27. Ne4 Bd8 28. g4 a5 29. Nc3 Nb6 {next ...a4 is good for Black.} 30. Re1 Rxe1 31. Nxe1 a4 32. Nxa4 Nxa4 33. bxa4 Ba5 34. Kc1 Rxa4 35. Rxa4 Bxa4 $11 {[%mdl 4096] Endgame KBB-KBN} 36. Nf3 h6 37. Bc2 Bd7 38. Nd2 Kf8 39. Kd1 Ke7 40. Ke2 {[#]} h5 $1 {[%mdl 512]} 41. Nb3 $1 {[%cal Rb3a5]} (41. gxh5 Bxh3) 41... Bc3 ({Don't go for} 41... hxg4 $2 42. Nxa5 gxh3 43. Kf3 $18) 42. Kf3 g6 43. Nc1 Kf6 44. Ne2 Be1 45. Nc1 Kg7 46. Nd3 Bd2 (46... Ba5 {is interesting.} 47. Nf2 hxg4+ 48. hxg4 Kf6 49. Ne4+ Ke7) 47. Nf2 hxg4+ 48. hxg4 f5 49. g5 Kf7 50. Nd3 Ke7 51. Ke2 Bc3 52. Nf2 Kd8 53. Kd3 Bd4 54. Nd1 Kc7 55. Nc3 Kb6 56. Ne2 Bg7 57. Bb3 Ka5 58. Kc2 $2 {[%mdl 8192]} (58. Bd1 $15) 58... Kb4 $19 59. Nc1 Ka3 60. Nd3 Bd4 61. Ne1 Be3 $2 (61... Bf2 $19 62. Ng2 Kb4) 62. Kc3 $1 $11 {[%cal Re1c2]} Bd4+ $2 {[%mdl 8192]} (62... Bd2+ $11 63. Kxd2 Kxb3) 63. Kc2 $19 Bc8 $2 (63... Bf2 $1 $19 {[%cal Rf2e1]} 64. Nd3 Be3) 64. Ng2 $17 Bf2 $1 65. Kc3 Ba6 66. Bc2 {[#]} Bd4+ (66... Bg3 $1 $17) 67. Kd2 $2 {[%mdl 8192]} (67. Kd3 $11 {and White stays safe.}) 67... Bxc4 $19 68. Nh4 Bxd5 $2 ({Black should try} 68... Kb2 $19 69. Nxg6 Bc3+ 70. Kd1 Bxd5) 69. Nxg6 $15 Be6 70. Ne7 c4 71. Bxf5 $2 {[%mdl 8192]} (71. Nxf5 $11 c3+ 72. Kd3 Bxf5+ 73. Kxd4 Bxc2 74. Kxc3) 71... c3+ $19 72. Kd3 Kb2 73. Bxe6 c2 $2 (73... Bg7 $19 74. Nf5 c2 75. Nxg7 c1=Q) 74. Kxd4 $11 c1=Q 75. Nd5 Qh1 {...Kc2 is the strong threat.} 76. Ne3 $2 (76. f5 $15) 76... Qf3 $19 77. Nc4+ {[#]} Kc1 (77... Kc2 $1 $19 {[%csl Gc2][%cal Rf3d3] is more deadly.} 78. Nxd6 Qxf4+ {[%mdl 64] Double Attack} 79. Ne4 Qc7) 78. f5 $1 $17 d5 ({Black should play} 78... Kc2 $17 {[%csl Gc2][%cal Rf3d3]} 79. Nxd6 Qf2+ 80. Kd5 Qd2+ 81. Ke5 Qxg5) 79. Nd6 $11 {The position is equal.} Qf4+ 80. Kxd5 Qxg5 {Threatens to win with ...Kc2.} 81. Ne4 Qf4 82. f6 Kc2 83. f7 Kd3 84. Nc5+ Ke3 85. Nd7 Qd4+ 86. Kc6 Qa4+ 87. Kc7 Qa5+ 88. Kc6 Qa4+ 89. Kb6 Qb4+ 90. Kc7 Qa5+ 91. Kb8 Qb5+ 92. Kc8 Qa6+ 93. Kd8 Qxe6 94. f8=Q Ke2 95. Qf4 Qe3 96. Qh4 Qf3 97. Nf6 Kd3 98. Kd7 Qb7+ 99. Ke6 Qc8+ 100. Ke5 Qc7+ 101. Kf5 Qc5+ 102. Kg6 Qg1+ 103. Ng4 Qb6+ 104. Kf5 Kc3 105. Qe1+ Kb2 106. Qd2+ Kb3 107. Ne5 Qc5 108. Qd3+ Qc3 109. Qb5+ Kc2 110. Qa4+ Kb1 111. Ke6 Qc8+ 112. Kd5 Qb7+ 113. Nc6 Qf7+ 114. Kc5 Qf5+ 115. Kb6 Qd5 116. Qb4+ Kc1 117. Qc3+ Kd1 118. Nb4 Qd8+ 119. Kb5 Qd7+ 120. Ka5 {Strongly threatening Qc2+.} Qa7+ 121. Kb5 Qd7+ 122. Kc5 Qe7+ 123. Kd5 Qd7+ 124. Ke4 {Intending Qc2+ and mate.} Qe6+ 125. Kf4 {Threatening mate with Qc2+.} Qf7+ 126. Ke4 {Accuracy: White = 51%, Black = 53%.} 1/2-1/2